| 000 | 00401nam a2200157Ia 4500 | ||
|---|---|---|---|
| 008 | 230312s9999||||xx |||||||||||||| ||und|| | ||
| 020 | _a1-85091-300-5 | ||
| 082 |
_a371.264 _bROW-A |
||
| 100 | _aRowntree Derek | ||
| 245 | 0 | _aAssessing Students: | |
| 260 |
_bRouttledge _aLondon _c2006 |
||
| 300 | _a273 | ||
| 546 | _aEng. | ||
| 650 |
_aManagement _vNature Dynmics Dimensions Assessments |
||
| 942 | _cBK | ||
| 999 |
_c1976 _d1976 |
||